Faculty of Law Library — Cairo University

Official Online Catalog

International law and litigation in the U.S. / (Record no. 56981)

MARC details
000 -LEADER
fixed length control field 01419cam a2200409 i 4500
003 - CONTROL NUMBER IDENTIFIER
control field EG-GICUC
005 - DATE AND TIME OF LATEST TRANSACTION
control field 20260121101726.0
008 - FIXED-LENGTH DATA ELEMENTS--GENERAL INFORMATION
fixed length control field 060110s2005 mnu frb 001 0 eng d
020 ## - INTERNATIONAL STANDARD BOOK NUMBER
International Standard Book Number 9780314162694
Qualifying information alk. paper
020 ## - INTERNATIONAL STANDARD BOOK NUMBER
International Standard Book Number 0314162690
Qualifying information alk. paper
040 ## - CATALOGING SOURCE
Original cataloging agency DLC
Transcribing agency DLC
Modifying agency DLC
-- EG-GICUC
Language of cataloging eng
Description conventions rda
043 ## - GEOGRAPHIC AREA CODE
Geographic area code n-us---
050 00 - LIBRARY OF CONGRESS CALL NUMBER
Classification number KF4581
Item number .P38 2005
082 04 - DEWEY DECIMAL CLASSIFICATION NUMBER
Edition number 21
Classification number 341.073
092 04 - LOCALLY ASSIGNED DEWEY CALL NUMBER (OCLC)
Edition number 21
099 ## - LOCAL FREE-TEXT CALL NUMBER (OCLC)
Classification number Law 11 2005
100 1# - MAIN ENTRY--PERSONAL NAME
Personal name Paust, Jordan J.,
Dates associated with a name 1943-
245 10 - TITLE STATEMENT
Title International law and litigation in the U.S. /
Statement of responsibility, etc. by Jordan J. Paust, Jon M. Van Dyke, Linda A. Malone.
250 ## - EDITION STATEMENT
Edition statement 2nd edition.
264 ## - PRODUCTION, PUBLICATION, DISTRIBUTION, MANUFACTURE, AND COPYRIGHT NOTICE
Place of production, publication, distribution, manufacture St. Paul, MN :
Name of producer, publisher, distributor, manufacturer Thomson/West,
Date of production, publication, distribution, manufacture, or copyright notice 2005.
300 ## - PHYSICAL DESCRIPTION
Extent xl, 1135 pages ;
Dimensions 26 cm.
336 ## - CONTENT TYPE
Content type term text
Source rdacontent
337 ## - MEDIA TYPE
Media type term Computer
Source rdamedia
338 ## - CARRIER TYPE
Carrier type term Online Resource
Source rdacarrier
440 #0 - SERIES STATEMENT/ADDED ENTRY--TITLE
Title American casebook series
500 ## - GENERAL NOTE
General note Accompanied by: Teacher's manual. 2006.
504 ## - BIBLIOGRAPHY, ETC. NOTE
Bibliography, etc. note Includes bibliographical references (p. vii-ix) and index.
525 ## - SUPPLEMENT NOTE
Supplement note Kept up to date by supplements.
650 #0 - SUBJECT ADDED ENTRY--TOPICAL TERM
Topical term or geographic name entry element International law
Geographic subdivision United States
Form subdivision Cases.
650 #0 - SUBJECT ADDED ENTRY--TOPICAL TERM
Topical term or geographic name entry element Criminal jurisdiction
Geographic subdivision United States
Form subdivision Cases.
650 #0 - SUBJECT ADDED ENTRY--TOPICAL TERM
Topical term or geographic name entry element Immunities of foreign states
Geographic subdivision United States
Form subdivision Cases.
700 1# - ADDED ENTRY--PERSONAL NAME
Personal name Fitzpatrick, Joan,
Dates associated with a name 1950-
700 1# - ADDED ENTRY--PERSONAL NAME
Personal name Van Dyke, Jon M.
856 40 - ELECTRONIC LOCATION AND ACCESS
Uniform Resource Identifier <a href="https://fll.law.cu.edu.eg/fulltext/bks/ENGB11-00063.pdf">https://fll.law.cu.edu.eg/fulltext/bks/ENGB11-00063.pdf</a>
905 ## - Cataloger and Reviser Names
Cataloger Name: Hend El khosy
942 ## - ADDED ENTRY ELEMENTS (KOHA)
Source of classification or shelving scheme Dewey Decimal Classification
Koha item type Books
Edition 21
Suppress in OPAC No
Holdings
Withdrawn status Lost status Source of classification or shelving scheme Damaged status Not for loan Collection Home library Current library Date acquired Total checkouts Full call number Barcode Date last seen Copy number Price effective from Koha item type Public note
    Dewey Decimal Classification     القانون الدولي العام جــــامعة القــاهرة مكتبة كلية الحقوق - فـرع الشيخ زايد 14.01.2026   Law2 11 341.073 PA . I 2 ed - 2005 1100063 C1 ENGB11-00063 14.01.2026 1 14.01.2026 Books 2069

© All rights reserved — Faculty of Law, Cairo University